| 000 | 00966cam a2200313 a 4500 | ||
|---|---|---|---|
| 001 | 7834467 | ||
| 003 | OSt | ||
| 005 | 20180116183009.0 | ||
| 008 | 031009m19901989nyub 000 f eng | ||
| 020 | _a0140148590 | ||
| 035 | _a(OCoLC)649688481 | ||
| 035 | _a(OCoLC)ocn649688481 | ||
| 035 | _a(NNC)7834467 | ||
| 040 |
_aNNC _cNNC |
||
| 041 | 1 |
_aeng _hspa |
|
| 050 | 0 | 0 |
_aPQ8180.17.A73 _bG413 1990 |
| 082 | _a863 SIM 1990 | ||
| 100 | 1 |
_aGarcía Márquez, Gabriel, _d1927-2014. |
|
| 245 | 1 | 4 |
_aThe general in his labyrinth / _cGabriel García Márquez ; translated from the Spanish by Edith Grossman. |
| 260 |
_aNew York : _bPenguin Books, _c1990. |
||
| 300 |
_a285 p. : _b1 map ; _c21 cm. |
||
| 600 | 1 | 0 |
_aBolívar, Simón, _d1783-1830 _vFiction. |
| 650 | 0 |
_aHeads of state _zSouth America _vFiction. |
|
| 700 | 1 |
_aGrossman, Edith, _d1936- |
|
| 942 |
_2ddc _cBK |
||
| 948 | 1 |
_a20100708 _bo _cvt2130 _dMPS |
|
| 948 | 2 |
_a20100917 _ba _csl13 _dMPS |
|
| 999 |
_c350167 _d350167 |
||